000 00300nam a2200121Ia 4500
008 240624s9999 xx 000 0 und d
041 _aeng
082 _a658.4038011 MAL
100 _aMALIK KAMNA
245 _aMANAGEMENT INFORMATION SYSTEMS
260 _c1999
_aNew Delhi
_bExcel Books
300 _aix, : 152
999 _c30
_d30